000 00882nac a22002537a 4500
001 BR8108853
003 BR-BrBNA
005 20240105115158.0
008 230509b bl.|||m| |||| 00| 0 por d
040 _aBR-BrBNA
_bpor
_cBiblioteca Nacional de Agricultura
072 _aN01; E50
090 _aN01 BR8108853
110 1 _aCooperativa Central dos Produtores de Acucar e Alcool do Estado de Sao Paulo, Sao Paulo (Brasil)
_92827
245 1 _aInstalacoes eletricas para destilarias [seguranca de trabalho]
260 3 _aSao Paulo, SP (Brasil):
_c[nd].
300 _a20 p.
490 _aCadernos Copersucar. Serie Seguranca Agroindustrial (Brazil)
_vno. 16
_x
500 _a13 illus.; Published 1980?
650 _aENGENHARIA ELETRICA
650 _aDESTILARIA
650 _aPREVENCAO DE ACIDENTE
909 _a202312
_bLúcia Elande
_c55
_dLúcia Elande
942 _2AGRIS
_n0
_cMS
999 _c273511
_d273511